<?xml version="1.0" encoding="UTF-8"?>
<record
    xmlns:xsi="http://www.w3.org/2001/XMLSchema-instance"
    xsi:schemaLocation="http://www.loc.gov/MARC21/slim http://www.loc.gov/standards/marcxml/schema/MARC21slim.xsd"
    xmlns="http://www.loc.gov/MARC21/slim">

  <leader>00754nam a2200193 i 4500</leader>
  <controlfield tag="001">133652</controlfield>
  <controlfield tag="003">ES-MaACL</controlfield>
  <controlfield tag="005">20230906194504.0</controlfield>
  <controlfield tag="007">t|</controlfield>
  <controlfield tag="008">070823s1970    sp           ||||1| spa d</controlfield>
  <datafield tag="100" ind1="1" ind2=" ">
    <subfield code="a">Woods, Daniel E.</subfield>
    <subfield code="9">117335</subfield>
  </datafield>
  <datafield tag="245" ind1="1" ind2="0">
    <subfield code="a">La Colonia romana de Pollentia </subfield>
    <subfield code="b">: comunicaci&#xF3;n presentada al Symposium "Nuevas Investigaciones Insulares" Dey&#xE1;, Mallorca, 20 de julio de 1969 /</subfield>
    <subfield code="c">por Daniel E. Woods ; traducci&#xF3;n Kevin Woods y B&#xE1;rbara Ham.</subfield>
  </datafield>
  <datafield tag="260" ind1=" " ind2=" ">
    <subfield code="a">Palma de Mallorca : </subfield>
    <subfield code="b">Mascar&#xF3; Pasarius, </subfield>
    <subfield code="c">1970.</subfield>
  </datafield>
  <datafield tag="300" ind1=" " ind2=" ">
    <subfield code="a">16 p. : </subfield>
    <subfield code="b">il. ; </subfield>
    <subfield code="c">25 cm.</subfield>
  </datafield>
  <datafield tag="651" ind1=" " ind2="4">
    <subfield code="a">Baleares (Comunidad Aut&#xF3;noma)-</subfield>
    <subfield code="x">Historia.</subfield>
    <subfield code="9">7858</subfield>
  </datafield>
  <datafield tag="700" ind1="1" ind2=" ">
    <subfield code="a">Woods, Kevin.</subfield>
    <subfield code="9">117339</subfield>
  </datafield>
  <datafield tag="700" ind1="1" ind2=" ">
    <subfield code="a">Ham, B&#xE1;rbara.</subfield>
    <subfield code="9">61634</subfield>
  </datafield>
  <datafield tag="852" ind1=" " ind2=" ">
    <subfield code="a">ES-MaACL</subfield>
    <subfield code="j">2075-F-25 </subfield>
    <subfield code="b">R.75270</subfield>
  </datafield>
  <datafield tag="999" ind1=" " ind2=" ">
    <subfield code="c">133652</subfield>
    <subfield code="d">133652</subfield>
  </datafield>
  <datafield tag="952" ind1=" " ind2=" ">
    <subfield code="0">0</subfield>
    <subfield code="1">0</subfield>
    <subfield code="4">0</subfield>
    <subfield code="7">0</subfield>
    <subfield code="8">Colecci&#xF3;n_de_folletos</subfield>
    <subfield code="a">ATENEOM</subfield>
    <subfield code="b">ATENEOM</subfield>
    <subfield code="c">DEPOF</subfield>
    <subfield code="d">2008-01-17</subfield>
    <subfield code="e">SC</subfield>
    <subfield code="l">0</subfield>
    <subfield code="o">2075-F-25</subfield>
    <subfield code="p">1139131</subfield>
    <subfield code="r">2023-02-23 00:00:00</subfield>
    <subfield code="w">2023-02-23</subfield>
    <subfield code="y">FOLLETOS</subfield>
  </datafield>
</record>
